01603nam a2200337Ia 450000500170000000800340001702000180005108200140006910000350008324501280011825000270024630000910027349000160036450000440038050000470042450400270047150503440049865000210084265000260086365000260088965000270091565000420094265000610098470000250104570000400107026400320111033600270114233700330116933800280120204000350123020220317000227.0141031s2010 m a 0 gpa d s  a978607150333604a330bS15e1 aSamuelson, Paul Anthonyd1915-10aEconomíabcon aplicaciones a LatinoamericacPaul A. Samuelson, William D. Nordhaus ; traducción Adolfo Deras Quiñones aDecimonovena edición a716 páginasbilustraciones, cuadros, gráficos y diagramas en blanco y negroc27 cm aEducación aIncluye glosario e índice analítico aIncluye datos biográficos de los autores aIncluye bibliografía aMicroeconomía : oferta, demanda y mercados de productos -- Los mercados de los factores : trabajo, tierra y capital -- Aplicaciones de los principios económicos -- Macroeconomía : crecimiento económico y ciclos de negocios -- Crecimiento, desarrollo y economía global -- El desempleo, la inflación y la política económica142LEMBaEconomía142LEMBaMicroeconomía142LEMBaMacroeconomía142LEMBaOferta y demanda142LEMBaMercadosxAspectos económicos142LEMBaPolítica económicaxProblemas, ejercicios, etc1 aNordhaus, William D.1 aDeras Quiñones, Adolfoetraductor aMéxicobMcGraw-Hillc2010 atextobtxt2rdacontent asin mediaciónbn2rdamedia avolumenbnc2rdacarrier aCO-BoRNBPbspaerdacCO-BoRNBP